000 00702nam a2200205Ii 4500
003 JO-AjNU
008 230605s9999||||xx |||||||||||||| ||und||
017 _a2006/7/1737
040 _aJO-AjNU
_bara
_erda
_cJO-AjNU
041 _aara
050 1 4 _aBP440.A283 2007
100 3 _aأبو الحاج، صلاح محمد,
_eauthor
_941070
245 0 0 _aسبيل الوصول الى علم الأصول
264 3 1 _aعمان: دار الفاروق للنشر والتوزيع، 2007
300 _a285ص
_bالمراجع ص268-280
336 _atext
_btxt
_2rdacontent
337 _aunmediated
_bn
_2rdamedia
338 _avolume
_bnc
_2rdacarrier
650 4 _aاصول الفقه الاسلامي
_941071
999 _aA17480
_c21048
_d21048